España y el sacro imperio romano germánico (Record no. 31327)

MARC details
000 -LEADER
campo de control de longitud fija 01019nam a2200241 i 4500
001 - NÚMERO DE CONTROL
campo de control 31327
003 - IDENTIFICADOR DE NÚMERO DE CONTROL
campo de control ES-MaACL
005 - FECHA Y HORA DE LA ÚLTIMA TRANSACCIÓN
campo de control 20251004063055.0
007 - CAMPO FIJO DE DESCRIPCIÓN FÍSICA--INFORMACIÓN GENERAL
campo de control de longitud fija t|
008 - DATOS DE LONGITUD FIJA--INFORMACIÓN GENERAL
campo de control de longitud fija 030128s1967 sp ||||1| spa d
100 1# - ENTRADA PRINCIPAL--NOMBRE DE PERSONA
Nombre de persona Beladiez, Emilio,
Títulos y otros términos asociados al nombre Marqués de la Conquista Real,
Fechas asociadas al nombre 1916-1999
9 (RLIN) 27112
245 10 - MENCIÓN DEL TÍTULO
Título España y el sacro imperio romano germánico
Resto del título : Wallesntein (1583-1634) /
Mención de responsabilidad, etc. Emilio Beladiez ; prólogo del Marqués de Lozoya.
260 ## - PUBLICACIÓN, DISTRIBUCIÓN, ETC.
Lugar de publicación, distribución, etc. Madrid :
Nombre del editor, distribuidor, etc. Prensa Española,
Fecha de publicación, distribución, etc. 1967.
300 ## - DESCRIPCIÓN FÍSICA
Extensión 398 p., XVI lám. ;
Dimensiones 22 cm.
490 1# - MENCIÓN DE SERIE
Mención de serie Colección "Los Tres Dados"
600 14 - PUNTO DE ACCESO ADICIONAL DE MATERIA--NOMBRE DE PERSONA
Nombre de persona Wallenstein, Albrecht Wenzel Eusebius von
Títulos y otros términos asociados al nombre Herzog von Friedland.
9 (RLIN) 164609
650 #4 - PUNTO DE ACCESO ADICIONAL DE MATERIA--TÉRMINO DE MATERIA
Término de materia o nombre geográfico como elemento de entrada Guerra de los Treinta Años, 1618-1648.
9 (RLIN) 136206
651 #4 - PUNTO DE ACCESO ADICIONAL DE MATERIA--NOMBRE GEOGRÁFICO
Nombre geográfico España-
Subdivisión general Historia-
Subdivisión cronológica 1516-1700, Casa de Austria
9 (RLIN) 8228
700 1# - ENTRADA AGREGADA--NOMBRE PERSONAL
Nombre de persona Lozoya, Juan de Contreras y López de Ayala,
Títulos y otros términos asociados al nombre Marqués de,
Fechas asociadas al nombre 1893-1978
9 (RLIN) 129112
830 0# - PUNTO DE ACCESO ADICIONAL DE SERIE-TÍTULO UNIFORME
Título uniforme Colección "Los Tres Dados"
9 (RLIN) 181995
852 ## - LOCALIZACIÓN
Ubicación ES-MaACL
Número de control de estantería C-33598
Sublocalización o colección R.64300
Holdings
Estatus retirado Estado de pérdida Estado de daño No para préstamo Biblioteca de origen Biblioteca actual Ubicación en estantería Fecha de adquisición Fuente de adquisición Total de préstamos Signatura topográfica completa Código de barras Visto por última vez Precio de reemplazo Tipo de ítem Koha
        Biblioteca del Ateneo de Madrid Biblioteca del Ateneo de Madrid Depósito 2 17/01/2008     C-33598 1032374 23/02/2023 23/02/2023 Libro impreso